Pasado, presente y porvenir de grandes nombres

Wedi'i Gadw mewn:
Manylion Llyfryddiaeth
Prif Awdur: García Bacca, Juan David
Fformat: Llyfr
Iaith:Undetermined
Cyhoeddwyd: México, Distrito Federal Fondo de Cultura Económica 1989
Pynciau:
Tagiau: Ychwanegu Tag
Dim Tagiau, Byddwch y cyntaf i dagio'r cofnod hwn!

MARC

LEADER 00000nam a2200000Ia 4500
008 170316s9999 xx 000 0 und d
090 |a 100 G-10p 
100 |a García Bacca, Juan David 
245 |a Pasado, presente y porvenir de grandes nombres 
260 |a México, Distrito Federal 
260 |b Fondo de Cultura Económica 
260 |c 1989 
300 |a 800 páginas Vol.II. 
650 |a FILOSOFÍA 
999 |c 16249  |d 16249 
040 |a cru BVZT 
942 |c 15 D  |h 100 G-10p  |2 z